|
|
|
|
| LEADER |
00000nab a2200000 a 4500 |
| 001 |
vtls000643056 |
| 003 |
SK-MaSNL |
| 005 |
20260426070924.0 |
| 008 |
201103c1997 xo 0 slo |
| 015 |
|
|
|a SNBRB19rr/mm-uuuuu
|
| 035 |
|
|
|a CL0643195
|
| 040 |
|
|
|a SNKBUCL
|b slo
|c SNKBUCL
|e AACR2
|
| 041 |
0 |
|
|a slo
|
| 044 |
|
|
|a xo
|c SK
|
| 080 |
|
|
|a 323(437.6):329.7(437.6)HZDS
|2 1981
|
| 080 |
|
|
|a 329.7(437.6)HZDS
|2 1981
|
| 100 |
1 |
|
|a Kotian, Róbert,
|d 1958-
|4 aut
|9 103440
|
| 245 |
1 |
0 |
|a Čo sa týka udržania moci, myslia na všetko
|c Róbert Kotian
|
| 650 |
0 |
7 |
|a vnútorná politika
|2 snkbucl
|9 970
|
| 651 |
|
7 |
|a Slovensko
|2 SNKPHgeo
|9 14231
|
| 655 |
|
7 |
|a články z novín a časopisov
|2 snkbucl
|9 267496
|
| 773 |
0 |
|
|t Sme
|g Roč. 5 a 50, č. 254 (5. 11. 1997), s. 4
|
| 850 |
|
|
|a Slovenská národná knižnica v Martine
|a MTA001
|
| 852 |
|
|
|a SNK
|b KIS3GCP
|
| 958 |
|
|
|a SK
|
| 958 |
|
|
|a RK
|
| 958 |
|
|
|a RBX
|
| 999 |
|
|
|c 2672621
|d 2674551
|